000 00314pam a2200157 a 4500
020 _c
041 _h
100 _aHarry Frank
245 _aStatistics Concepts and Applications
250 _aI st
260 _c1995
300 _a853
653 _aComputer
700 _aSteven C. Althoen
930 _a1018
999 _c246871
_d246871